Quizzes
Events
Quiz Creation
Community
Videos
Private Events
Remove Ads
Sign In
Join for FREE
Feedback
Dark Mode
Quiz Categories
Sports
Geography
Music
Movies
Television
Just For Fun
Miscellaneous
History
Literature
Language
Science
Gaming
Entertainment
Religion
Holiday
For Kids
Quiz Lab
Recent
Popular Today
Quiz Kudos Today
Editor Picks
Curator Picks
Quizzes by...
Day
Popularity
Type
Ratings
Length
Year
Community
Subscriptions
Recent Discussions
Orange Saloon
Badges
Playlists
Quests
Create
Leaderboards
Showdown
Live 5
Trivia Bingo
Activity
Puzzle Library
Sporcle Events
Private Events
Virtual Trivia
Globe League
Become a Host
Pub Owners
SporcleCon
Opinionation
Our Games
Videos
Blog
Mobile Apps
Partnerships
Remove Ads and Go Orange
Feedback
Sports
Athletes
MLB
NBA
NHL
NFL
Soccer
Sports Teams
WWE
NCAA
Football
Premier League
Basketball
Baseball
Hockey
Golf
Tennis
Cricket
Rugby
Auto Racing
Olympics
World Cup
Sports
Athletes
MLB
NBA
NHL
NFL
Soccer
Sports Teams
WWE
NCAA
Football
Premier League
Basketball
Baseball
Hockey
Golf
Tennis
Cricket
Rugby
Auto Racing
Olympics
World Cup
Random Quiz
Search Sporcle
×
Quiz Lab
Quiz Lab
Sports
Cricket
Type in answers that appear in a list
Type in answers that appear in a list
Classic
Best Score? Go Orange.
All Time West Indies ODI Cricket Players Stats
Can you name the All Time West Indies ODI Cricket Players?
By
SporcleEXP
15m
171 Questions
857 Plays
857 Plays
857 Plays
Comments
Comments
Give Quiz Kudos
Give Quiz Kudos
-
- Ratings
hide this ad
Replay
Link that replays current quiz
Next Quiz
Link to next quiz in quiz playlist
You Got
0%
They Got
Avg Score
68%
Avg Friend Score
Upgrade to see
Score Distribution
Jump to the score distribution portion of the page
Score
0/171
Timer
15:00
0
Plays Today
Cap Number
Player
% Correct
14
Viv Richards
97.7%
149
Dale Richards
97.5%
135
Austin Richards
97.3%
45
Courtney Walsh
95.7%
53
Curtley Ambrose
95.4%
59
Brian Lara
95%
66
Shivnarine Chanderpaul
93.6%
9
Clive Lloyd
93.2%
18
Michael Holding
92.8%
25
Desmond Haynes
92.8%
56
Robert Haynes
92.6%
97
Chris Gayle
92.6%
33
Malcolm Marshall
92.5%
166
Jason Holder
92.5%
5
Vanburn Holder
92.4%
125
Xavier Marshall
92.4%
65
Roland Holder
92.3%
16
Gordon Greenidge
91.7%
29
Alvin Greenidge
91.5%
41
Richie Richardson
91.1%
121
Dwayne Bravo
91%
146
Darren Bravo
91%
50
Carl Hooper
90.1%
21
Joel Garner
90%
15
Andy Roberts
89.3%
120
Dwayne Smith
87.3%
114
Devon Smith
87.2%
119
Fidel Edwards
86.3%
158
Kirk Edwards
86.3%
54
Ian Bishop
86.1%
101
Ramnaresh Sarwan
85.8%
10
Deryck Murray
85.3%
63
Junior Murray
85.3%
13
David Murray
85.2%
11
Garfield Sobers
85.1%
36
Jeff Dujon
84.9%
51
Phil Simmons
84.8%
132
Lendl Simmons
84.8%
79
Robert Samuels
84.4%
103
Marlon Samuels
84.4%
19
Collis King
84.2%
89
Reon King
84.2%
117
Jerome Taylor
83.3%
64
Jimmy Adams
83%
52
David Williams
82.7%
68
Stuart Williams
82.7%
124
Darren Sammy
82.7%
48
Carlisle Best
82.4%
77
Laurie Williams
82.4%
94
Ricardo Powell
82.4%
111
Daren Powell
82.4%
123
Tino Best
82.4%
152
Kieran Powell
82.3%
8
Rohan Kanhai
82.1%
108
Darryl Brown
81.1%
70
Sherwin Campbell
80.9%
20
Colin Croft
80.6%
Cap Number
Player
% Correct
162
Sunil Narine
80.5%
76
Ridley Jacobs
79.9%
138
Sulieman Benn
79.7%
127
Denesh Ramdin
79.6%
47
Patrick Patterson
79.3%
7
Alvin Kallicharran
79.1%
49
Winston Benjamin
78.6%
62
Kenneth Benjamin
78.4%
95
Wavell Hinds
78.3%
109
Ryan Hinds
78.3%
134
Kieron Pollard
78.3%
161
Carlos Brathwaite
77.4%
40
Roger Harper
76.8%
98
Pedro Collins
76.5%
37
Gus Logie
76.2%
144
Kemar Roach
75.6%
86
Mervin Dillon
75.4%
75
Courtney Browne
75.1%
69
Barrington Browne
75%
137
Patrick Browne
75%
171
Shannon Gabriel
74.4%
55
Keith Arthurton
74.3%
82
Franklyn Rose
74%
96
Corey Collymore
73.9%
4
Lance Gibbs
73.4%
104
Marlon Black
73%
85
Rawl Lewis
72.6%
28
Larry Gomes
70.9%
91
Daren Ganga
70.8%
60
Anderson Cummins
70.7%
167
Miguel Cummins
70.6%
42
Richard Gabriel
70.2%
156
Andrew Russell
70.2%
72
Vasbert Drakes
69.3%
73
Ottis Gibson
69%
142
Leon Johnson
68.4%
38
Winston Davis
68.3%
3
Roy Fredericks
68%
110
Runako Morton
67.1%
118
Ravi Rampaul
66.9%
157
Devendra Bishoo
66.9%
78
Nixon McLean
66.5%
143
Brendan Nash
66%
26
Irvine Shillingford
65.9%
126
Narsingh Deonarine
65.2%
17
Lawrence Rowe
64.3%
99
Sylvester Joseph
63.8%
83
Dinanath Ramnarine
63.6%
67
Cameron Cuffy
62.9%
100
Mahendra Nagamootoo
62.7%
27
Sylvester Clarke
62.5%
24
Wayne Daniel
62.2%
122
Ian Bradshaw
61.6%
58
Clayton Lambert
61.5%
141
Nikita Miller
61.4%
84
Floyd Reifer
61.1%
164
Johnson Charles
60.9%
Cap Number
Player
% Correct
170
Jermaine Blackwood
60.2%
107
Jermaine Lawson
59.7%
46
Tony Gray
59.5%
155
Adrian Barath
59.5%
61
Philo Wallace
59.4%
39
Eldine Baptiste
59.3%
113
Carlton Baugh
59.2%
80
Adrian Griffith
58.6%
139
Andre Fletcher
57.1%
23
Faoud Bacchus
56.2%
150
Devon Thomas
56.2%
93
Nehemiah Perry
55.9%
131
Dave Mohammed
55.9%
163
Jason Mohammed
55.9%
81
Patterson Thompson
55.4%
6
Bernard Julien
54.8%
1
Keith Boyce
54.5%
112
Omari Banks
52.3%
12
Ron Headley
51.8%
31
Norbert Phillip
51.6%
43
Milton Small
51.5%
22
Richard Austin
50.9%
30
Derick Parry
50.6%
145
Lionel Baker
50.2%
169
Sheldon Cottrell
49.7%
130
Sewnarine Chattergoon
48.3%
168
Jonathan Carter
48.2%
57
Ezra Moseley
48%
159
Anthony Martin
47%
2
Maurice Foster
46%
44
Thelston Payne
45.9%
105
Colin Stuart
45.6%
153
Chadwick Walton
45.5%
165
Veerasammy Permaul
45.3%
116
David Bernard
45%
147
Travis Dowlin
45%
136
Brenton Parchment
44%
35
Everton Mattis
43.8%
71
Rajindra Dhanraj
43.3%
32
Sew Shivnarine
42.2%
140
Shawn Findlay
41.4%
151
Gavin Tonge
41.1%
148
Nelon Pascal
41%
74
Hamish Anthony
40.6%
34
Milton Pydanna
39.3%
106
Leon Garrick
39.3%
129
Ryan Ramdass
39%
87
Neil McGarrell
38.4%
128
Deighton Butler
36.9%
133
Rayad Emrit
36.3%
92
Henderson Bryan
36.1%
160
Danza Hyatt
35%
154
Royston Crandon
33%
88
Carl Tuckett
31.6%
115
Ryan Hurley
31.6%
90
Keith Semple
31.3%
102
Kerry Jeremy
30.1%
Quiz Playlist
Details
Report
Send in Message
Add To Playlist
Classic:
Type in answers that appear in a list
Last Updated: Feb 16, 2017
Quiz Scoreboard
CHALLENGE
Sign Up to Join the Scoreboard
Show All
Scores
Hide
Comments
May contain spoilers
Recently Published
Billboard Blitz: Fleetwood Mac
by CooCooCachoo
Music
15s
Presidents Visiting Landmarks
by Hejman
History
7m
An Introduction to Baseball
by treessimontrees
Sports
5m
More to Explore
Quiz From the Vault
Featured Blog Post
Where Did the Easter Bunny Come From?
hide this ad
You Might Also Like...
Tags
Cricket Quiz
All Time
cap
debut
Indy
odi
ODI Cricket
Player
West
Today's Top Quizzes in Sports
Browse Sports
hide this ad
Today's Top Quizzes in Cricket
Browse Cricket
Top Contributed Quizzes in Sports
1
Les meilleurs buteurs des matchs entre le PSG et l’OM
2
2022 World Cup Stars
3
FIFA Club World Cup Champions
4
Les entraîneurs de l'OM et du PSG au 21e siècle
5
Name the Premier League winners with different clubs
6
5-to-1: UK Sports Teams
7
La finale Lions - Afrique du Sud 2021
8
Criteria MLB: Left Handed Sluggers
9
AFC Teams Reveal (Wrong Answers Minefield)
10
England Test cricketers to play under Nasser Hussain
Explore More
Trending Topics
Kpop
Anime
NBA
Crossword
Marvel
Disney
Harry Potter
The Office
Soccer
Puzzle
Pokémon
WWE
Song
NFL
Country
hide this ad
More By:
SporcleEXP
Quiz
Plays
Rating
Category
Featured
Created
Harry Potter Deaths in Order Minefield
3,068,228
4.18
Literature
Jan 27, 2016
Sins, Dwarfs, and Spice Girls
847,265
4.42
Just For Fun
Apr 11, 2012
Ancient History Bunker
708,098
4.28
History
Jan 20, 2014
Movie Posters VI
679,001
4.37
Movies
Nov 12, 2010
Movie Posters VII
621,826
4.44
Movies
Apr 16, 2011
Go to Creator's Profile
Score Distribution
Quiz Creator Spotlight
SporcleEXP
Follow
Send a Message
Quizzes Created
-
Created Quiz Play Count
-
More By This Creator
Popular Quizzes Today
1
Find the US States - No Outlines Minefield
2
Find the Countries of Europe - No Outlines Minefield
3
The Countries of the World
4
Find the US States
5
Popular People in 1961
6
US States
7
Risky Map Clicking: Biggest States A-Z
8
Movies - When Are They Set?
More Sports Quizzes
Quick Pick: Tyler Clippard Teams by Logo
Quiz Lab
Trending Quizzes
Risky Map Clicking: Least Populous States A-Z
1-10 Letter G Words
1-10 Letter F Words
Risky Map Clicking: Next State Alphabetically
'A' Boys' Names Grid
Recently Updated
Leaping Animals
pecheneg
Reality TV Shows (A-Z)
bhenderson79
Rickey Henderson's Hall of Fame Teammates
pecheneg
Champions League XIs: Arsenal
pecheneg
Quick Pick: Celebrities in WWE's Hall of Fame
aduchscher
A-Z Keypad Blitz II
pecheneg
Multiple Oscar Actors
pecheneg
Mystery Phrase Blitz: Oscar 'Best Actors'
pecheneg
F. Scott Fitzgerald Novels
LTH
Pick 3 Villains
ddd62291
Trending Topics
Anime
NBA
Disney
Crossword
Kpop
Harry Potter
Marvel
WWE
Pokémon
Song
Soccer
The Office
Puzzle
Country
NFL
Your Account Isn't Verified!
In order to create a playlist on Sporcle, you need to verify the email address you used during registration. Go to your
Sporcle Settings
to finish the process.
Report this User
Report this user for behavior that violates our
Community Guidelines
.
Details:
Send Report
Go to the Sporcle.com Mobile Site →
Comments